Quizzes
Events
Quiz Creation
Community
Videos
Private Events
Remove Ads
Sign In
Join for FREE
Feedback
Dark Mode
Quiz Categories
Sports
Geography
Music
Movies
Television
Just For Fun
Miscellaneous
History
Literature
Language
Science
Gaming
Entertainment
Religion
Holiday
For Kids
Quiz Lab
Recent
Popular Today
Quiz Kudos Today
Editor Picks
Curator Picks
Quizzes by...
Day
Popularity
Type
Ratings
Length
Year
Community
Subscriptions
Recent Discussions
Orange Saloon
Badges
Playlists
Quests
Create
Leaderboards
Showdown
Live 5
Trivia Bingo
Activity
Puzzle Library
Sporcle Events
Private Events
Virtual Trivia
Globe League
Become a Host
Pub Owners
SporcleCon
Opinionation
Our Games
Videos
Blog
Mobile Apps
Partnerships
Remove Ads and Go Orange
Feedback
Sports
Athletes
MLB
NBA
NHL
NFL
Soccer
Sports Teams
WWE
NCAA
Football
Premier League
Basketball
Baseball
Hockey
Golf
Tennis
Cricket
Rugby
Auto Racing
Olympics
World Cup
Sports
Athletes
MLB
NBA
NHL
NFL
Soccer
Sports Teams
WWE
NCAA
Football
Premier League
Basketball
Baseball
Hockey
Golf
Tennis
Cricket
Rugby
Auto Racing
Olympics
World Cup
Random Quiz
Search Sporcle
×
Quiz Lab
Quiz Lab
Sports
final
Type in answers that appear in a list
Type in answers that appear in a list
Classic
Best Score? Go Orange.
EUROLEAGUE F4 ERA FINALS SQUADS 1988-2000 Stats
Can you name the EUROLEAGUE F4 ERA CHAMPIONS' PLAYERS
By
sumatra
13m
223 Questions
363 Plays
363 Plays
363 Plays
Comments
Comments
Give Quiz Kudos
Give Quiz Kudos
-
- Ratings
hide this ad
Replay
Link that replays current quiz
Next Quiz
Link to next quiz in quiz playlist
You Got
0%
They Got
Avg Score
73%
Avg Friend Score
Upgrade to see
Score Distribution
Jump to the score distribution portion of the page
Score
0/223
Timer
13:00
0
Plays Today
Year
Answer
% Correct
1989
Toni Kukoc
95.6%
1990
Toni Kukoc
95.6%
1991
Toni Kukoc
95.6%
1993
Toni Kukoc
95.6%
1989
Dino Radja
93.7%
1990
Dino Radja
93.7%
1992
Predrag Danilovic
93.1%
1998
Predrag Danilovic
93.1%
1999
Predrag Danilovic
93.1%
1992
Aleksandar Djordjevic
92.8%
1997
Aleksandar Djordjevic
92.8%
2000
Dejan Bodiroga
91.2%
1995
Arvydas Sabonis
90.6%
1996
Dominique Wilkins
90.1%
1988
Bob McAdoo
89.3%
1996
Fragiskos Alvertis
89%
1997
David Rivers
89%
2000
Fragiskos Alvertis
89%
1990
Zoran Savic
87.6%
1991
Zoran Savic
87.6%
1998
Zoran Savic
87.6%
1992
Zeljko Rebraca
87.1%
1994
Zarko Paspalj
87.1%
2000
Zeljko Rebraca
87.1%
1988
Dino Meneghin
86.5%
1988
Mike D'Antoni
85.7%
1996
Stojan Vrankovic
85.4%
1992
Corny Thompson
83.5%
1994
Corny Thompson
83.5%
1995
Joe Arlauckas
83.5%
1992
Rafa Jofresa
83.2%
1992
Tomas Jofresa
83.2%
1994
Rafa Jofresa
83.2%
1994
Tomas Jofresa
83.2%
1994
Milan Tomic
83.2%
1995
Milan Tomic
83.2%
1996
Panagiotis Giannakis
83.2%
1997
Milan Tomic
83.2%
1997
Rafa Jofresa
83.2%
1995
Dragan Tarlac
82.9%
1997
Dragan Tarlac
82.9%
1988
Riccardo Pittis
82.4%
1989
Velimir Perasovic
82.4%
1990
Velimir Perasovic
82.4%
1991
Velimir Perasovic
82.4%
1998
Antoine Rigaudeau
82.4%
1999
Antoine Rigaudeau
82.4%
1999
Eurelijus Zukauskas
81.3%
1999
Mindaugas Zukauskas
81.3%
1996
Nikos Ekonomou
81%
1999
Tyus Edney
80.7%
1993
Michael Young
80.4%
1994
Georgios Sigalas
80.4%
1995
Georgios Sigalas
80.4%
1997
Georgios Sigalas
80.4%
1995
Franko Nakic
79.6%
1997
Franko Nakic
79.6%
1992
Ivo Nakic
79.3%
2000
Nando Gentile
79.3%
1990
San Epifanio
79.1%
1991
San Epifanio
79.1%
1995
Eddie Johnson
79.1%
1999
Saulius Stombergas
79.1%
1989
Dusko Ivanovic
78.8%
1990
Dusko Ivanovic
78.8%
1993
Jim Bilba
78.8%
2000
Derrick Sharp
78.8%
1989
Zan Tabak
78.5%
1990
Zan Tabak
78.5%
1991
Zan Tabak
78.5%
1994
Panagiotis Fassoulas
78.2%
1995
Panagiotis Fassoulas
78.2%
1997
Panagiotis Fassoulas
78.2%
1997
Carlos Duenas
78.2%
2000
Nate Huffman
78.2%
Year
Answer
% Correct
1994
Mike Smith
78%
1993
Jure Zdovc
77.7%
1995
Antonio Martin
77.7%
1998
Michael Andersen
77.7%
1989
Zoran Sretenovic
77.4%
1990
Zoran Sretenovic
77.4%
1990
Ferran Martinez
77.4%
1991
Zoran Sretenovic
77.4%
1994
Ferran Martinez
77.4%
1996
Ferran Martinez
77.4%
1998
Alessandro Abbio
77.4%
1999
Alessandro Abbio
77.4%
2000
Arriel McDonald
77.1%
1997
Dimitris Papanikolaou
76.9%
2000
Antonis Fotsis
76.6%
1992
Jordi Villacampa
76.3%
1994
Jordi Villacampa
76.3%
2000
Nadav Henefeld
76.3%
2000
Oded Kattash
75.5%
1993
Stefano Rusconi
74.7%
1995
Jose Lasa
74.7%
1998
Jose Lasa
74.7%
1993
Frederic Forte
74.4%
1996
Arturas Karnisovas
74.4%
1997
Arturas Karnisovas
74.4%
1988
Rickey Brown
74.1%
1996
John Korfas
73.8%
1998
Alessandro Frosini
73.8%
1999
Alessandro Frosini
73.8%
1998
Radoslav Nesterovic
73.6%
1999
Radoslav Nesterovic
73.6%
1988
Roberto Premier
73.3%
1990
Andres Jimenez
73.3%
1994
Eftyhmis Bakatsias
73.3%
1995
Eftyhmis Bakatsias
73.3%
1996
Andres Jimenez
73.3%
1997
Eftyhmis Bakatsias
73.3%
1997
Andres Jimenez
73.3%
1998
Augusto Binelli
73.3%
1999
Augusto Binelli
73.3%
2000
Jonny Rogers
73.3%
1989
Doron Jamchy
73%
1988
Doron Jamchy
73%
2000
Doron Jamchy
73%
2000
Gur Shelef
73%
1991
Jose Antonio Montero
72.7%
1994
Roy Tarpley
72.7%
1996
Jose Antonio Montero
72.7%
1998
Willie Anderson
72.7%
1999
Anthony Bowie
72.7%
1998
Branislav Prelevic
72.5%
1998
Michalis Kakiouzis
72.5%
1993
Massimo Iacopini
72.2%
1989
Luca Pavicevic
71.6%
1990
Luca Pavicevic
71.6%
1991
Luca Pavicevic
71.6%
1995
Aleksandr Volkov
71.3%
2000
Michael Koch
71.1%
1989
Goran Sobin
70.8%
1990
Goran Sobin
70.8%
1998
Claudio Coldebella
70.5%
1992
Slavisa Koprivica
70%
1997
Nassos Galakteros
70%
1997
Christian Welp
70%
1995
Jose Miguel Antunez
69.7%
1998
Hugo Sconochini
69.7%
1999
Hugo Sconochini
69.7%
1988
Kenny Barlow
69.4%
1989
Kenny Barlow
69.4%
1991
Aramis Naglic
69.4%
1992
Juanma Morales
69.4%
1994
Juanma Morales
69.4%
1991
Avie Lester
69.1%
2000
Pat Burke
69.1%
1990
Audie Norris
68.9%
Year
Answer
% Correct
1991
Audie Norris
68.9%
1993
Richard Dacoury
68.9%
1995
Isma Santos
68.6%
1988
Piero Montecchi
68.3%
1998
Jake Tsakalidis
68.3%
1998
Nikos Chatzis
68.3%
1999
Tomas Masiulis
68%
1996
Xavi Fernandez
67.8%
1997
Xavi Fernandez
67.8%
2000
Doron Sheffer
67.8%
1988
Kevin Magee
67.5%
1989
Kevin Magee
67.5%
1990
Nacho Solozabal
67.5%
1991
Nacho Solozabal
67.5%
1999
Dainius Adomaitis
67.2%
1993
Terry Teagle
66.9%
1996
Tzanis Stavrakopoulos
66.9%
1991
Jose Luis Galilea
66.1%
1996
Jose Luis Galilea
66.1%
1998
Victor Alexander
66.1%
1995
Pep Cargol
65.8%
2000
Mark Brisker
65.8%
1992
Nikola Loncar
65.6%
1993
Willie Redden
65.6%
1994
Georgios Limniatis
65.6%
1993
Jimmy Verove
65.3%
2000
Dallas Comegys
65.3%
1994
Antonis Stamatis
64.7%
1993
Marco Mian
64.5%
1997
Ramon Rivas
64.5%
1991
Jose Ortiz
64.2%
1999
Jiri Zidek
63.9%
2000
Constantin Popa
63.4%
1992
Harold Presley
63.1%
1997
Roger Esteller
63.1%
1998
Michael Larsen
62.8%
1988
Motty Aroesti
62.5%
1989
Lavon Mercer
62%
1988
Miki Berkowitz
61.7%
1992
Zoran Stevanovic
61.4%
1997
Quique Andreu
61.4%
1989
Hen Lippin
60.9%
1996
Manel Bosch
60.9%
1997
Manel Bosch
60.9%
1988
Cohen Lippin
60.6%
1993
Alberto Vianini
60.6%
1988
Motty Daniel
60.3%
1989
Motty Daniel
60.3%
1992
Jordi Pardo
60.3%
1993
Franck Butter
60.3%
1996
Dan Godfread
59.8%
1999
Daniel O'Sullivan
59.8%
1988
Willy Simms
59.5%
1989
Willy Simms
59.5%
1991
Lisard Gonzalez
59.5%
1999
Darjus Maskoliunas
59.5%
1993
German Scarone
59.2%
1996
Vangelis Vourtzomis
59.2%
1995
Javier Garcia
58.7%
1990
David Wood
58.4%
1991
Steve Trumbo
58.4%
1992
Carles Ruf
58.4%
1999
Claudio Crippa
57.6%
1988
Moritz Cohen
57.3%
1989
Ivica Buric
57.3%
1992
Vladan Silobad
57.3%
1990
Quim Costa
56.5%
1990
Xavi Crespo
56.2%
1988
Massimiliano Aldi
55.4%
1992
Vladimir Dragutinovic
55.4%
1989
Teo Czmic
54.5%
1996
Salva Diez
53.4%
1993
Nino Pellacani
51.8%
Quiz Playlist
Details
Report
Send in Message
Add To Playlist
Classic:
Type in answers that appear in a list
Last Updated: Feb 16, 2017
Quiz Scoreboard
CHALLENGE
Sign Up to Join the Scoreboard
Show All
Scores
Hide
Comments
May contain spoilers
Recently Published
NBA Finals Game Top Scorers (2010s)
by flibbidy
Sports
5m
Guess the 'R' Things in 3 Words
by MSUKent
Miscellaneous
3m
Actor to Badly Drawn Movie III
by MoMosMoProblems
Movies
5m
More to Explore
Quiz From the Vault
Featured Blog Post
Where Does Lost Luggage Go?
hide this ad
You Might Also Like...
Tags
champion
Era
ERA Champions
Euroleague
final
Player
Squad
team
Today's Top Quizzes in Sports
Browse Sports
hide this ad
Today's Top Quizzes in final
Browse final
Top Contributed Quizzes in Sports
1
Les joueurs à 100 buts en Ligue 1 Uber Eats
2
2022 World Cup Stars
3
2024 March Madness Bracket
4
Millionaire: NBA Finals Edition
5
Players with Multiple 50 Home Run Seasons
6
Criteria MLB: Left Handed Sluggers
7
Nickname Match: Athletes VI
8
Iconic Moments in Football - Multiple Choice
9
NFL MVPs ordered
10
NBA Championships Per City
Explore More
Trending Topics
Disney
Harry Potter
NBA
Crossword
Kpop
Anime
Marvel
Soccer
Country
NFL
Pokémon
Song
The Office
Puzzle
WWE
hide this ad
More By:
sumatra
Quiz
Plays
Rating
Category
Featured
Created
PANATHINAIKOS PLAYERS ON EUROLEAGUE SINCE 2001
1,438
5.00
Sports
Oct 12, 2014
EUROLEAGUE F4 ERA FINALS SQUADS 2001-2014
828
Sports
Nov 23, 2014
EUROLEAGUE F4 ERA FINALS SQUADS 1988-2000
363
Sports
Nov 23, 2014
BARCELONA PLAYERS ON EUROLEAGUE SINCE 2001
345
Sports
Oct 12, 2014
ANADOLU EFES PLAYERS ON EUROLEAGUE SINCE 2001
297
2.50
Sports
Oct 11, 2014
Go to Creator's Profile
Score Distribution
Quiz Creator Spotlight
sumatra
Follow
Send a Message
Quizzes Created
-
Created Quiz Play Count
-
More By This Creator
Popular Quizzes Today
1
Find the US States - No Outlines Minefield
2
Find the US States
3
The Countries of the World
4
10 Largest US States in Order
5
Find the Countries of Europe - No Outlines Minefield
6
US States
7
Guess the 'R' Things in 3 Words
8
NBA Finals Game Top Scorers (2010s)
More Sports Quizzes
Soccer Passports IV
Quiz Lab
Trending Quizzes
First Name TV: Leading Men
First Name TV: Leading Women Drama
Match the Book to the Film II
Pick A Pair: Religious TV
Match the Book to the Film VI
Recently Updated
Women's Final Four Teams by Year
bhenderson79
Presidents Quartet II
eogle
Anything But Clue(do)
eogle
Anything But Oceanian Capitals
eogle
Anything But 7
eogle
Anything But Thing
eogle
Word Ladder: February 29
pecheneg
Song Title Questions
pecheneg
Women's NCAA Tournament #1 Seeds
pecheneg
Celebrity Mug Shots
pecheneg
Trending Topics
Harry Potter
Kpop
Disney
NBA
Anime
Crossword
Marvel
The Office
NFL
Pokémon
Soccer
Puzzle
Country
WWE
Song
Your Account Isn't Verified!
In order to create a playlist on Sporcle, you need to verify the email address you used during registration. Go to your
Sporcle Settings
to finish the process.
Report this User
Report this user for behavior that violates our
Community Guidelines
.
Details:
Send Report
Go to the Sporcle.com Mobile Site →
Comments